Lý sinh học

সংরক্ষণ করুন:
গ্রন্থ-পঞ্জীর বিবরন
প্রধান লেখক: Nguyễn, Thị Kim Ngân
বিন্যাস: গ্রন্থ
প্রকাশিত: Hà Nội ĐH Quốc gia 2004
সংস্করন:In lần thứ 3
বিষয়গুলি:
ট্যাগগুলো: ট্যাগ যুক্ত করুন
কোনো ট্যাগ নেই, প্রথমজন হিসাবে ট্যাগ করুন!
Thư viện lưu trữ: Trung tâm Học liệu Lê Vũ Hùng, Trường Đại học Đồng Tháp
LEADER 00646pam a22002058a 4500
001 00038903
005 20171109081114.0
008 170517s2004 ||||||Viesd
041 0 # |a Vie 
082 1 4 |a 571.4  |b L300S 
100 1 # |a Nguyễn, Thị Kim Ngân 
245 1 0 |a Lý sinh học  |c Nguyễn Thị Kim Ngân 
250 # # |a In lần thứ 3 
260 # # |a Hà Nội  |b ĐH Quốc gia  |c 2004 
300 # # |a 236 tr.  |c 21 cm 
653 # # |a Lý sinh học 
852 # # |b Kho đọc  |j KD.1000916 
852 # # |j KD.0021588  |j KM.0022726 
910 |d 17/05/2017 
980 # # |a Trung tâm Học liệu Lê Vũ Hùng, Trường Đại học Đồng Tháp